Global CMBS warming (Record no. 76907)

MARC details
000 -LEADER
fixed length control field 00923cab a2200181 4500
001 - CONTROL NUMBER
control field ##L133283
008 - FIXED-LENGTH DATA ELEMENTS--GENERAL INFORMATION
fixed length control field 060426n2006 000 0 eng u
035 ## - SYSTEM CONTROL NUMBER
System control number (Sirsi) u133283
041 0# - LANGUAGE CODE
Language code of text/sound track or separate title eng
100 1# - MAIN ENTRY--PERSONAL NAME
Personal name Popovec, Jennifer
245 00 - TITLE STATEMENT
Title Global CMBS warming
260 ## - PUBLICATION, DISTRIBUTION, ETC.
Date of publication, distribution, etc. 2006
490 #0 - SERIES STATEMENT
Series statement National Real Estate Investor
Volume/sequential designation 47(10) 2005, 41-48(5)
520 ## - SUMMARY, ETC.
Summary, etc. While the commercial mortgaged backed securities market has flourished in the United States, securitisation in Europe and Asia is still in its infancy stage. Nevertheless, investors and borrowers in several countries are beginning to realise its potential, such as liquidity, higher yields and favourable financing rates. But a perceived lack of transparency or financial disclosure is threatening to curb this new-found enthusiasm.
590 ## - LOCAL NOTE (RLIN)
Local note IKA090506
690 ## - LOCAL SUBJECT ADDED ENTRY--TOPICAL TERM (OCLC, RLIN)
Topical term or geographic name as entry element PROPERTY-COMMERCIAL PROPERTY-COMMERCIAL PROPERTY FINANCE AND INVESTMENT
942 ## - ADDED ENTRY ELEMENTS (KOHA)
Suppress in OPAC 0
Holdings
Withdrawn status Lost status Source of classification or shelving scheme Damaged status Not for loan Home library Current library Shelving location Date acquired Total Checkouts Full call number Barcode Date last seen Copy number Price effective from Koha item type
    Dewey Decimal Classification     London London Journal article 26/04/2006   L133283 133283-1001 06/08/2019 1 06/08/2019 Journal article